000 00694nam a2200277Ia 4500
003 OSt
005 20220912151409.0
006 a|||||r|||| 00| 0
007 ta
008 220909b |||||||| |||| 00| 0 eng d
024 _a50196
037 _cTextual
040 _aCSL
_beng
_cCSL
041 _aeng
082 _aI:(E), K7
100 _aRobinson Trevor
245 0 _aOrganic constituents of higher plants
250 _a2
260 _aMinneapolis
_bBurgess
_c1967
300 _aiv,319p.
_ccm.
490 _aLife Science Series
650 _a Plant chemistry
650 _aBotany
942 _hI:(E), K7
_cTEXL
_2CC
999 _c67551
_d67551